Report of the Committee on Roads and Transport on the Commercial Contract Agreement between the Government of the Republic of Ghana (Represented by the Ministry of Railway Development through the Ghana Railway Development Authority) and Messrs AFCONS Infrastructure Limited for an amount of Three Hundred and Sixty-One Million, Two Hundred and Thirty -One Thousand, Nine Hundred and Sixty-Five Euros (€361,231,965.00) for the Construction of Sections of the Western Railway Line on Standard Gauge from Eduadin to Obuasi, 2021 (Record no. 1710)

MARC details
000 -LEADER
fixed length control field 01357nam a2200181Ia 4500
003 - CONTROL NUMBER IDENTIFIER
control field OSt
005 - DATE AND TIME OF LATEST TRANSACTION
control field 20250623114849.0
008 - FIXED-LENGTH DATA ELEMENTS--GENERAL INFORMATION
fixed length control field 240429s9999||||xx |||||||||||||| ||und||
041 ## - LANGUAGE CODE
Language code of text/sound track or separate title eng
082 ## - DEWEY DECIMAL CLASSIFICATION NUMBER
Classification number CR/G&MAIL/21
100 ## - MAIN ENTRY--PERSONAL NAME
Personal name Roads &Transport Committee
245 #0 - TITLE STATEMENT
Title Report of the Committee on Roads and Transport on the Commercial Contract Agreement between the Government of the Republic of Ghana (Represented by the Ministry of Railway Development through the Ghana Railway Development Authority) and Messrs AFCONS Infrastructure Limited for an amount of Three Hundred and Sixty-One Million, Two Hundred and Thirty -One Thousand, Nine Hundred and Sixty-Five Euros (€361,231,965.00) for the Construction of Sections of the Western Railway Line on Standard Gauge from Eduadin to Obuasi, 2021
260 ## - PUBLICATION, DISTRIBUTION, ETC.
Name of publisher, distributor, etc. Parliment of Ghana
Place of publication, distribution, etc. Accra
Date of publication, distribution, etc. 2021
300 ## - PHYSICAL DESCRIPTION
Extent 11p.: tabs
650 ## - SUBJECT ADDED ENTRY--TOPICAL TERM
Topical term or geographic name entry element Report of the Committee on Roads and Transport on the Commercial Contract Agreement between - Ghana Railway Development Authority) and Messrs AFCONS Infrastructure Limited for an amount - Three Hundred and Sixty-One Million, Two Hundred and Thirty -One Thousand, Nine Hundred - Sixty-Five Euros (€361,231,965.00) for the Construction of Sections of the Western Railway Line on S - Standard Gauge from Eduadin to Obuasi, 2021
942 ## - ADDED ENTRY ELEMENTS (KOHA)
Koha item type Committee Reports
Source of classification or shelving scheme Dewey Decimal Classification
Suppress in OPAC No
Holdings
Withdrawn status Lost status Damaged status Not for loan Home library Current library Shelving location Date acquired Total checkouts Full call number Date last seen Copy number Price effective from Koha item type
        Main Library Main Library Open Shelves 19/09/2022   CR/G&MAIL/21 3031 C3 - CR/G&MAIL/21 3030 C2 - CR/G&MAIL/21 3029 C1 29/04/2024 1 29/04/2024 Committee Reports
©2026  Parliament of Ghana Library - All rights reserved